| 000 | 00533nam a22001217a 4500 | ||
|---|---|---|---|
| 040 | _cHS | ||
| 082 | _a338 | ||
| 100 | _aក្រសួងកសិកម្ម រុក្ខាប្រមាញ់ និង នេសាទ | ||
| 245 | _aយុទ្ធសាស្ត្រសម្រាប់វិស័យកសិកម្ម និង ទឹក 2006 2010 | ||
| 260 |
_aCambodia _bក្រសួងកសិកម្ម រុក្ខាប្រមាញ់ និង នេសាទ _c2010 |
||
| 300 | _a118p; | ||
| 942 | _cKB | ||
| 999 |
_c9445 _d9445 |
||